تحميل...
Chapter-wise solutions of AIEEE mathematics with 10 mock tests
| التنسيق: | Printed Book |
|---|---|
| منشور في: |
Meerut
Arihhant Prakashan
|
| الموضوعات: |
| LEADER | 00485nam a22001337a 4500 | ||
|---|---|---|---|
| 020 | |a 9788189939793 | ||
| 082 | |a 510.76 |b CHA | ||
| 245 | |a Chapter-wise solutions of AIEEE mathematics with 10 mock tests | ||
| 260 | |a Meerut |b Arihhant Prakashan | ||
| 300 | |a 188+22p. | ||
| 650 | |a Mathematics- Competitive exams | ||
| 942 | |c BK | ||
| 999 | |c 43228 |d 43228 | ||
| 952 | |0 0 |1 0 |4 0 |6 510_760000000000000_CHA |7 0 |8 Stack |9 47164 |a KUCL |b KUCL |c Stack |d 2017-01-04 |l 3 |o 510.76 CHA |p 44140 |r 2018-07-03 |s 2018-05-31 |w 2017-01-04 |y BK | ||